Financial literacy and voluntary savings for retirement in Slovakia

Saved in:
Bibliographic Details
Main Author: Cupak, Andrej, 1988-
Other Authors: Brokešová, Zuzana, 1985-
Format: Book Chapter
Language:English
Subjects:
Tags: Add Tag
No Tags, Be the first to tag this record!

MARC

LEADER 00000nla a2200000 4500
001 0240091
005 20241106135848.1
041 0 |a eng 
044 |a SK 
245 1 0 |a Financial literacy and voluntary savings for retirement in Slovakia  |c Andrej Cupak, Zuzana Brokesova 
500 |a Abstrakt 
610 2 0 |a dôchodky 
610 2 0 |a gramotnosť finančná 
610 2 0 |a úspory finančné 
610 2 0 |a seniori 
100 1 |a Cupak, Andrej, 1988- 
700 1 |a Brokešová, Zuzana, 1985-